000 01010cam a2200289 i 4500
005 20180312122245.0
008 151209s2015 xxuado fr 001 0 eng d
010 _a 2014430335
020 _a9780123946263
020 _a0123946263
040 _aCo-BoUCM
_bspa
_cSandra Palacio
_dSandra Palacio
060 _aQW 55
100 1 _aPepper, Ian L.
_974231
245 1 0 _aEnvironmental microbiology
_cIan L. Pepper, Charles P. Gerba, Terry J. Gentry
250 _a3rd ed
260 _aSan Diego (California, Estados Unidos)
_bElservier
_c2015
300 _axv, 705 páginas
_bilustraciones, tablas, gráficos y fotografías
504 _aIncluye referencias bibliográficas e índices
650 7 _aEcología microbiana
_913646
650 7 _aBacterias
_99886
650 7 _aEcología bacteriana
_974232
690 _942880
_aMicrobiología
700 1 _aGerba, Charles P.
_d1945-
_974233
700 1 _aGentry, Terry J.
_974234
942 _2NLM
_a26
_cLIBRO
_e3
_hQW 55
_mP424en
_n0
041 _aeng
999 _c301795
_d301795